| 000 | 01312nam a22002657a 4500 | ||
|---|---|---|---|
| 999 |
_c64323 _d64323 |
||
| 005 | 20240530110725.0 | ||
| 008 | 180419s2012 ua g b 001 0 ara d | ||
| 017 |
_a2012/15811 _bمصر. دار الكتب |
||
| 020 | _a9789774480317 | ||
| 040 |
_aEG-CaGPL _cEG-CaGPL |
||
| 082 | 0 | 4 |
_221 _a953.09 / _bد إ |
| 100 | 1 | _aدولينا، نينل الكسندروفنا | |
| 245 | 1 | 2 |
_aالامبراطورية العثمانية وعلاقتها الدولية فى ثلاثينيات واربعينيات القرن التاسع عشر / _cتاليف نينل الكسندروفنا دولينا ؛ ترجمة انور محمد ابراهيم |
| 260 |
_aالقاهرة : _bالهيئة المصرية العامة للكتاب ، _c2012. |
||
| 300 |
_a175 ص. ؛ _c24 سم. |
||
| 504 | _aيشتمل على ارجاعات ببليوجرافية | ||
| 650 | 0 | 7 |
_2qrmak _aالامبراطورية العثمانية |
| 650 | 0 | 7 |
_2qrmak _aالامبراطورية العثمانية _vوثائق روسية |
| 650 | 0 | 7 |
_2qrmak _aالعالم العربى _xتاريخ _yالعصر العثمانى |
| 651 | _2qrmak | ||
| 653 | 0 | _aقاموس المصطلحات العثمانية | |
| 700 | 0 |
_aانور محمد ابراهيم _eمترجم |
|
| 942 |
_2ddc _cBK |
||